Europa: Geografie mit I - Statistiken

Allgemein
  • Dieses Quiz wurde 207 mal gespielt
  • Das Durchschnittsergebnis liegt bei 9 aus 14
Antwortstatistiken
Hinweis Antwort % Korrekt
Südeuropäische Republik, deren Form auf der Landkarte an einen Stiefel erinnert Italien
100%
Nordeuropäischer Inselstaat mit Vulkanen, Gletschern und Pferden Island
99%
Eine der Balearischen Inseln, die einen Ruf als Party-Insel hat Ibiza
97%
Teil des Vereinigten Königreichs, der nicht auf der Insel Großbritannien liegt Nord{irland}
97%
Millionenmetropole, deren östlicher Teil zu Asien gehört Istanbul
94%
Hauptstadt von Tirol Innsbruck
84%
Dreieckige Halbinsel in der Adria, die größtenteils zu Kroatien gehört Istrien
57%
Wichtigste Stadt in den schottischen Highlands Inverness
55%
1932 durch den Bau eines Deichs entstandener größter See der Niederlande Ijsselmeer
46%
Zwischen dem Thunersee und dem Brienzersee gelegene Stadt in der Schweiz, deren Name "zwischen den Seen" bedeutet Interlaken
46%
Französischer Fluss, der durch Grenoble fließt und in die Rhône mündet Isère
45%
Inselgruppe im Westen Griechenlands, zu der Korfu, Zakynthos und Kefalonia gehören {Ionische} Inseln
43%
Finnischer See im Norden Lapplands, an dem auch eine gleichnamige Gemeinde liegt Inari
28%
Industrie- und Universitätsstadt im Nordosten Rumäniens mit vier Buchstaben Iași
24%
Keine übereinstimmenden Quizze gefunden
Verteilung der Resultate
Anzahl Personen mit jedem Resultat
Perzentil nach korrekt beantworteten Fragen
Ihre Resultats-Entwicklung
Sie haben dieses Quiz noch nicht gespielt